000 00934naa a2200265 c 4500
001 42756
003 ES-MaCES
005 20120509135300.0
008 120509n2009 sp t 010 | spa d
035 _aCES20120003665v
040 _aES-MaCES
_bspa
_cES-MaCES
100 1 _aTorres López, Juan
_925074
245 1 3 _aLa crítica del sistema público de pensiones públicas
_cJuan Torres López
650 4 _aEspaña
_926964
650 4 _aprotección social
_929076
650 4 _aadministración pública
_927214
650 4 _apago de prestaciones
_930465
650 4 _agestión de las prestaciones
_930736
650 4 _aseguridad social
_927034
653 1 0 _aSeguridad Social
773 0 _tLa Seguridad Social a la luz de sus reformas pasadas, presentes y futuras
_gp. 719-732 SR.- 6.0.1. - 54
_w(ES-MaCES)21026
902 _aARL Artículo de libro
942 _2CES
_cAR
_h3.0.
999 _c42756
_d42756